000 00883cam a2200241 4500
001 ##L135082
008 060925n2006 000 0 eng u
020 _a1860819346
035 _a(Sirsi) u135082
041 0 _aeng
050 0 4 _a693.22 $2 18
100 1 _aTrotman, Peter
245 0 0 _aEarth, clay and chalk walls
_binspection and repair methods
260 _aWatford
_bBRE
_c2006
300 _a8p.
_bill.
_c30cm.
490 0 _aBRE Good Repair Guide
_v35
520 _aExamines the variety of earth-walling techniques used throughout the UK in the past, and the problems which can affect them. Looks at traditional methods of repair for this type of structure.
590 _aIKA031006
651 4 _aUnited Kingdom
_y
690 _aBUILT ENVIRONMENT-BUILDING MATERIALS-NON CEMENTITIOUS MATERIALS-NATURAL SOILS
710 1 _aBuilding Research Establishment
942 _n0
999 _c105911
_d105911